Responses for show #70 - Friday, December 14, 1984

Contestants

[<< previous game]

Bill Hand, a data processing manager from Northridge, California

Melinda Brownfield, a secretary from Westlake Village, California

Chris Hamilton, a real estate salesman originally from Middlebury, Vermont

Jeopardy! Round responses

U.S. CITIES
TIME
DINING OUT
CHILDREN'S LITERATURE
TRIVIA
"AC"/"DC"
    $100 1
Anchorage

Bill
    $100 8
(Bill: What is a crystal?)

quartz

Bill
Triple Stumper
    $100 6
maitre d'

Bill
    $100 20
Rebecca

Bill
    $100 10
alphabetic

Bill
    $100 12
Dick Clark

Chris
    $200 2
Pueblo

Bill
    $200 9
March

Bill
    $200 7
(Melinda: Blank again.)

busboys

ChrisMelinda
    $200 21
ice skates

Melinda
    $200 11
(Bill: What is a Democratic?)

donkey

ChrisBill
    $200 15
(Melinda: Who is uh, oh darn it, that's terrible.)

Alistair Cooke

ChrisMelinda
    $300 3
Buffalo

Melinda
    $300 13
(Melinda: How, what is 5?)

4

ChrisMelinda
    $300 24
(Melinda: What is the app, uh, appetizer, no?)

antipasto

ChrisMelinda
    $300 22
The Little Engine

Bill
    $300 16
Dyan Cannon

Melinda
    $400 4
(Bill: What is Bismarck?)

Fargo

Bill
Triple Stumper
    $400 14
Sunday

Triple Stumper
    $400 25
(Bill: What is wine?)
(Alex: Be more specific.)
(Bill: What is a wine--)
[The time's-up signal sounds.]
(Alex: Let you finish it.)
(Bill: I don't--)
(Alex: Don't know it?)
[The end-of-round signal sounds.]

wine steward

ChrisBill
    $400 23
(Bill: What is Lassie?)

National Velvet

ChrisBill
    $400 17
(Bill rang in and said nothing.)

Alexander Calder

Bill
Triple Stumper
    $500 5
(Melinda: No answer.)

Lubbock, Texas

Melinda
    $500 19
week

Chris
    $500 18
...
(Alex: I know this fellow well because he used to be a big fan of a show I did once upon a time called "High Rollers.")

Alice Cooper

Triple Stumper

Scores at the first commercial break (after clue 9):

Chris Melinda Bill
$200 -$400 $100

Scores at the end of the Jeopardy! Round:

Chris Melinda Bill
$2,600 -$700 -$800

Double Jeopardy! Round responses

GOV'T & POLITICS
THE BIBLE
WORLD WAR I
FOREIGN PHRASES
ART
SINGERS & DANCERS
    $200 6
Republicans

Chris
    $200 19
Jonah

Bill
    $200 11
The Red Baron

Bill
    $200 16
all roads lead to Rome

Triple Stumper
    $200 20
(Bill: What is black?)
(Melinda: What is green?)
(Chris: What is [**]?)
(Alex: Noooo! Boy, when he's got a big lead the man will try anything. We'll accept [**] or [*].)
(Chris: You took that?)

brown (burnt orange accepted)

ChrisMelindaBill
    $200 1
(Bill: I do not know.)

Jennifer Beals

Bill
Triple Stumper
    $400 7
the Senate

Bill
    $400 21
Queen of Sheba

Bill
    $400 12
Allies

Bill
    $400 17
haute cuisine

Chris
    $400 2
Frank Sinatra

Melinda
    $600 8
eminent domain

Chris
    $600 23
handwriting on the wall

Triple Stumper
    $600 13
Russia

Bill
    $600 18
(Bill: What is leave them laughing?)

He laughs best who laughs last

Bill
Triple Stumper
    $600 3
Debbie Allen

Bill
    $800 9
(Bill: What is the Department of Energy?)

Education

ChrisBill
    $800 14
(Bill: What is Germany?)

England (Great Britain)

MelindaBill
    $800 22
Quo Vadis

Triple Stumper
    $800 24
(Bill: Who is Goya?)
[The end-of-round signal sounds.]

Velazquez

Bill
Triple Stumper
    $800 4
Spinal Tap

Bill
    $1000 10
Ella Grasso

Chris
    $1000 15
(Bill: What is the Palace of Versailles?)

railway car

Bill
Triple Stumper
    $1000 5
Agnes De Mille

Triple Stumper

Scores at the end of the Double Jeopardy! Round:

Chris Melinda Bill
$5,800 $300 -$1,600
(lock game)

[wagering suggestions for these scores]

Final Jeopardy! Round responses

BUSINESS & INDUSTRY
MelindaWhat is Budweiser
$295
ChrisWhat is Pepsi?
$1,200
Procter & Gamble

Final scores:

Chris Melinda Bill
$4,600 $5 -$1,600
New champion: $4,600 2nd place: Dakotah bedroom ensemble & Armstrong bedroom suite 3rd place: Alsy-Cycle II lamps

Game dynamics:

Coryat scores:

Chris Melinda Bill
$5,800 $800 -$1,600
15 R,
0 W
5 R,
6 W
(including 1 DD)
15 R,
13 W

Combined Coryat: $5,000

The J! Archive is created by fans, for fans. The Jeopardy! game show and all elements thereof, including but not limited to copyright and trademark thereto, are the property of Jeopardy Productions, Inc. and are protected under law. This website is not affiliated with, sponsored by, or operated by Jeopardy Productions, Inc. Join the discussion at JBoard.tv.